Netraumatický edém mozgu v detskom veku /

Hlavní autor: Králik, Michal
Další autoři: Beňo, Peter, Tischler, Vojtěch, 1924-
Jazyk: Slovenština
Vydáno: Martin : Osveta, 1978
Vydání: 1. vyd.
Edice: Hálkova zbierka. Edícia pre postgraduálne štúdium lekárov a farmaceutov
Témata:
Fyzický popis: 240 s. : il., tb., gr.
Language note: Anglické, ruské a francouzské resumé
Knihy
Uloženo v:
LEADER 01149nam a22003252a 4500
001 001168934
003 CZ BrMZK
005 20131125132256.0
007 ta
008 110916s1978 xo a er|||||||||||slo d
040 |a ABD006  |b cze  |c ABD006 
080 9 |a 612.82 
100 1 |a Králik, Michal  |4 aut 
245 1 0 |a Netraumatický edém mozgu v detskom veku /  |c Michal Králik, Peter Beňo, Vojtech Tischler 
250 |a 1. vyd. 
260 |a Martin :  |b Osveta,  |c 1978 
300 |a 240 s. :  |b il., tb., gr. 
490 1 |a Hálkova zbierka. Edícia pre postgraduálne štúdium lekárov ;  |v 20 
504 |a Obsahuje bibliografie 
546 |a Anglické, ruské a francouzské resumé 
650 0 7 |a edém  |7 ph297120  |2 czenas 
650 0 7 |a mozek  |7 ph123008  |2 czenas 
655 4 |a knihy 
700 1 |a Beňo, Peter  |7 mzk2013796338  |4 aut 
700 1 |a Tischler, Vojtěch,  |d 1924-  |7 nlk20000090972  |4 aut 
830 0 |a Hálkova zbierka.  |p Edícia pre postgraduálne štúdium lekárov a farmaceutov 
910 |a BOA001  |b 2-0790.475 
990 |a BK 
991 |b 201109 
996 7 |b 2619473351  |c 2-0790.475  |l MZK  |r Sklad / do 1 hodiny  |n 0  |w 001202386  |u 000010  |a 1  |e BOA001  |j MZK50  |s A